Desertificación patagónica. Contaminación de lanas.
Guardado en:
| Autores Corporativos: | , |
|---|---|
| Formato: | Libro |
| Idioma: | Spanish |
| Publicado: |
Buenos Aires :
FECOLAN,
1990.
|
| Etiquetas: |
Agregar Etiqueta
Sin Etiquetas, Sea el primero en etiquetar este registro!
|
| LEADER | 00693nam a22001815a 4500 | ||
|---|---|---|---|
| 001 | EEA.libagro004705 | ||
| 005 | 20181030125228.0 | ||
| 008 | 130809s1990####ag#a##########000#0#spa#d | ||
| 020 | |a 9509957518 | ||
| 082 | 0 | 4 | |a 636.314 |
| 082 | 0 | 4 | |a 333.7309827 |
| 110 | 2 | |a Federación de Cooperativas Laneras. | |
| 245 | 1 | 0 | |a Desertificación patagónica. Contaminación de lanas. |
| 260 | |a Buenos Aires : |b FECOLAN, |c 1990. | ||
| 300 | |a 335 p. : |b il. ; |c 22 cm. | ||
| 500 | |a Trabajos presentados en las Sextas Jornadas Cooperativas de Lanas. | ||
| 711 | 2 | |a Jornadas Cooperativas de Lanas |n (6 : |d 4 al 5 de octubre de 1990 : |c Comodoro Rivadavia, Argentina) | |
| 859 | |a AR-BbBCA |b BIB. AGRONOMIA |h 636.314 |i F291 |p 1993/1953 | ||
